[Event "Sautron Retif op 0405"]
[Site "Sautron"]
[Date "2004.11.27"]
[Round "3"]
[White "Goyau, Joel"]
[Black "Nondin, Johnny"]
[Result "1-0"]
[WhiteElo "1499"]
[BlackElo "1399"]
[PlyCount "77"]
[EventDate "2004.10.16"]
[EventType "swiss"]
[EventRounds "7"]
[EventCountry "FRA"]
[SourceTitle "EXT 2007"]
[Source "ChessBase"]
[SourceDate "2006.11.23"]
[SourceVersion "1"]
[SourceVersionDate "2006.11.23"]
[SourceQuality "1"]

1. Nf3 Nf6 2. d4 d5 3. Bg5 Ne4 4. c4 c6 5. Nc3 Qa5 6. Qc2 e6 7. c5 b5 8. Bd2 Nxd2 9. Nxd2 Be7 10. e3 Nd7 11. Bd3 Nf6 12. 0-0 0-0 13. Nf3 Qc7 14. b4 a5 15. a3 Bb7 16. e4 dxe4 17. Nxe4 Nd5 18. Nfg5 Bxg5 19. Nxg5 f5 20. Nxe6 Qf7 21. Nxf8 Rxf8 22. Qd2 a4 23. Rae1 Bc8 24. f4 Qf6 25. Be2 Qh4 26. Rf3 Qf6 27. Bf1 Be6 28. Re5 Bf7 29. g3 Qh6 30. Bg2 Kh8 31. Rf1 g6 32. Rfe1 Qg7 33. Bxd5 h5 34. Bxc6 Rd8 35. d5 h4 36. gxh4 Qh6 37. Qf2 Kg7 38. d6 Qh5 39. Qg3 1-0